Statistics for 中国大陆主要银行

Click here to take the quiz!

General Stats

  • This quiz has been taken 134 times
  • The average score is 17 of 63

Answer Stats

类型银行名称% Correct
国有大型商业银行中国农业银行
97%
国有大型商业银行中国工商银行
94%
国有大型商业银行中国建设银行
92%
国有大型商业银行中国银行
92%
中央银行中国人民银行
91%
股份制商业银行上海浦东发展银行
74%
国有大型商业银行交通银行
71%
股份制商业银行招商银行
68%
外资法人银行花旗银行(中国)
62%
外资法人银行汇丰银行(中国)
55%
国有大型商业银行中国邮政储蓄银行
52%
外资法人银行渣打银行(中国)
50%
开发性金融机构国家开发银行
48%
外资法人银行中信银行国际(中国)
45%
股份制商业银行中信银行
45%
股份制商业银行广发银行
44%
股份制商业银行中国光大银行
44%
股份制商业银行兴业银行
43%
股份制商业银行华夏银行
38%
股份制商业银行平安银行
38%
股份制商业银行中国民生银行
38%
政策性银行中国农业发展银行
36%
股份制商业银行浙商银行
26%
政策性银行中国进出口银行
26%
股份制商业银行恒丰银行
23%
股份制商业银行渤海银行
22%
外资法人银行恒生银行(中国)
21%
外资法人银行摩根大通银行(中国)
20%
外资法人银行瑞士银行(中国)
19%
外资法人银行德意志银行(中国)
19%
外资法人银行东亚银行(中国)
16%
外资法人银行星展银行(中国)
15%
外资法人银行法国巴黎银行(中国)
13%
外资法人银行韩亚银行(中国)
12%
外资法人银行南洋商业银行(中国)
11%
外资法人银行华侨银行
11%
外资法人银行大华银行(中国)
10%
外资法人银行摩根士丹利国际银行(中国)
9%
外资法人银行法国兴业银行(中国)
9%
外资法人银行新韩银行(中国)
9%
外资法人银行三井住友银行(中国)
9%
外资法人银行澳大利亚和新西兰银行(中国)
8%
外资法人银行瑞穗银行(中国)
8%
外资法人银行蒙特利尔银行(中国)
8%
外资法人银行友利银行(中国)
7%
外资法人银行开泰银行(中国)
6%
外资法人银行华美银行(中国)
6%
外资法人银行大新银行(中国)
5%
外资法人银行三菱日联银行(中国)
5%
外资法人银行东方汇理银行(中国)
5%
外资法人银行首都银行(中国)
3%
外资法人银行彰银商业银行
3%
外资法人银行浦发硅谷银行
3%
外资法人银行富邦华一银行
3%
外资法人银行企业银行(中国)
3%
外资法人银行华商银行
3%
外资法人银行国民银行(中国)
3%
外资法人银行新联商业银行
3%
外资法人银行盘谷银行(中国)
3%
外资法人银行国泰世华银行(中国)
3%
外资法人银行永丰银行(中国)
2%
外资法人银行正信银行
2%
外资法人银行玉山银行(中国)
1%

Score Distribution

Percentile by Number Answered

Percent of People with Each Score

Your Score History

You have not taken this quiz